| 000 | 00648nam a2200265 a 4500 | ||
|---|---|---|---|
| 003 | AR-BaBNM | ||
| 005 | 20251128203522.0 | ||
| 008 | 082120s2002 ||||||||||||||000 | spa|| | ||
| 040 | _cAR-BaBNM | ||
| 100 | 1 | _aRoca Pons, José | |
| 245 | 0 | 0 |
_aIntroducción a la gramática _n1 |
| 250 | _a1ª ed. | ||
| 260 |
_aBarcelona _bVergara _c1965 |
||
| 300 | _a228 p. | ||
| 650 | 4 | _aGRAMATICA | |
| 650 | 4 | _aCATEGORIA GRAMATICAL | |
| 650 | 4 | _aESTRUCTURA DE LA ORACION | |
| 650 | 4 | _aFONETICA | |
| 650 | 4 | _aFONOLOGIA | |
| 650 | 4 | _aSINTAXIS | |
| 653 | _aFILOSOFIA DEL LENGUAJE | ||
| 700 | 1 | _aBadia Margarit, A.M. | |
| 942 | _cBK | ||
| 998 | _cLAURA | ||
| 999 |
_c3749 _d3749 |
||